Children's encyclopedia of Nobel Leaureates/ (Record no. 153689)

MARC details
000 -LEADER
fixed length control field 00535nam a22001817a 4500
003 - CONTROL NUMBER IDENTIFIER
control field dpl
005 - DATE AND TIME OF LATEST TRANSACTION
control field 20180709171319.0
008 - FIXED-LENGTH DATA ELEMENTS--GENERAL INFORMATION
fixed length control field 180709b xxu||||| |||| 00| 0 eng d
020 ## - INTERNATIONAL STANDARD BOOK NUMBER
International Standard Book Number 8120907302
Terms of availability 175.00
035 ## - SYSTEM CONTROL NUMBER
System control number A-993195
040 ## - CATALOGING SOURCE
Original cataloging agency DPL
Language of cataloging EN
Transcribing agency 0
082 ## - DEWEY DECIMAL CLASSIFICATION NUMBER
Classification number 920
100 ## - MAIN ENTRY--PERSONAL NAME
Personal name Murthi, R K
245 ## - TITLE STATEMENT
Title Children's encyclopedia of Nobel Leaureates/
Statement of responsibility, etc by R K Murthi
260 ## - PUBLICATION, DISTRIBUTION, ETC. (IMPRINT)
Place of publication, distribution, etc New Delhi
Name of publisher, distributor, etc Pitambar publishing Company Pvt Ltd.
Date of publication, distribution, etc 1999
300 ## - PHYSICAL DESCRIPTION
Extent 52p;,xxivp;
Other physical details ill;
Dimensions 25cm(hb)
942 ## - ADDED ENTRY ELEMENTS (KOHA)
Source of classification or shelving scheme Dewey Decimal Classification
Koha item type Children Books
Classification part 920
Call number suffix CHI
Holdings
Withdrawn status Lost status Source of classification or shelving scheme Damaged status Not for loan Collection code Home library Current library Date acquired Source of acquisition Cost, normal purchase price Total Checkouts Full call number Barcode Date last seen Cost, replacement price Price effective from Koha item type
    Dewey Decimal Classification     Non-fiction Patel Nagar Patel Nagar 09/07/2018 BPPD/PUB 175.00   920 CHI A-993195 09/07/2018 175.00 09/07/2018 Children Books

© Delhi Public Library
Hit Counter
free hit counter